000 01115nam a2200277 a 4500
001 4233108
003 ARRUPE
005 20161005120446.0
008 831216s1980 nyua b i000 0 eng
010 _a 82187773
040 _aDLC
_cDLC
_dDLC
043 _af-rh---
050 0 0 _aHC910.Z32 1980
082 0 0 _a338.96891
_219
110 _aUnited Nations
_926486
245 0 0 _aZimbabwe, towards a new order :
_ban economic and social survey.
_cby United Nations
260 _aNew York:
_bUnited Nations,
_cc1980.
300 _axxi, 374 p.;
_bill. ;
_c23 cm.
500 _a"Reproduction of the final report of a project financed by the United Nations Development Programme (UNDP/UNCTAD project PAF/78/010) which was executed by the United Nations Conference on Trade and Development"--T.p. verso.
504 _aBibliography: p. 363-368.
650 _aZimbabwe
_xEconomic policy.
_926487
650 _aZimbabwe
_xEconomic conditions
_y1965-1980.
_926488
710 2 _aUnited Nations Conference on Trade and Development.
_926489
906 _a7
_bcbc
_corignew
_d2
_encip
_f19
_gy-gencatlg
942 _2lcc
_cMONOGRAPH
999 _c125424
_d125424